<?xml version="1.0" encoding="UTF-8"?>
<record
    xmlns:xsi="http://www.w3.org/2001/XMLSchema-instance"
    xsi:schemaLocation="http://www.loc.gov/MARC21/slim http://www.loc.gov/standards/marcxml/schema/MARC21slim.xsd"
    xmlns="http://www.loc.gov/MARC21/slim">

  <leader>00463nam a2200169   4500</leader>
  <controlfield tag="003">3228</controlfield>
  <controlfield tag="005">20250416122052.0</controlfield>
  <controlfield tag="008">211015b     eng</controlfield>
  <datafield tag="020" ind1=" " ind2=" ">
    <subfield code="a">9781868429868</subfield>
  </datafield>
  <datafield tag="040" ind1=" " ind2=" ">
    <subfield code="c">3228</subfield>
  </datafield>
  <datafield tag="082" ind1=" " ind2=" ">
    <subfield code="a">920 RODN</subfield>
  </datafield>
  <datafield tag="100" ind1=" " ind2=" ">
    <subfield code="a">Trudgeons, Rodney</subfield>
  </datafield>
  <datafield tag="245" ind1=" " ind2=" ">
    <subfield code="a">Rodney Trudgeon's concert notes:</subfield>
    <subfield code="b">a selection of favourite orchestral masterpiece</subfield>
  </datafield>
  <datafield tag="260" ind1=" " ind2=" ">
    <subfield code="a">Johannesburg</subfield>
    <subfield code="b">Jonathan Ball Publishers</subfield>
    <subfield code="c">2020</subfield>
  </datafield>
  <datafield tag="300" ind1=" " ind2=" ">
    <subfield code="a">xiv, 251 pages.</subfield>
    <subfield code="c">24 cm</subfield>
  </datafield>
  <datafield tag="942" ind1=" " ind2=" ">
    <subfield code="2">ddc</subfield>
    <subfield code="c">BK</subfield>
    <subfield code="y">162</subfield>
    <subfield code="z">Elsie Maluleke</subfield>
  </datafield>
  <datafield tag="999" ind1=" " ind2=" ">
    <subfield code="c">577076</subfield>
    <subfield code="d">577075</subfield>
  </datafield>
  <datafield tag="952" ind1=" " ind2=" ">
    <subfield code="0">0</subfield>
    <subfield code="1">0</subfield>
    <subfield code="2">ddc</subfield>
    <subfield code="4">0</subfield>
    <subfield code="7">0</subfield>
    <subfield code="a">RIVEL</subfield>
    <subfield code="b">RIVEL</subfield>
    <subfield code="c">GEN</subfield>
    <subfield code="d">2021-10-15</subfield>
    <subfield code="l">0</subfield>
    <subfield code="o">920 RODN</subfield>
    <subfield code="p">33228031011945</subfield>
    <subfield code="r">2021-10-15</subfield>
    <subfield code="w">2021-10-15</subfield>
    <subfield code="y">BK</subfield>
  </datafield>
  <datafield tag="952" ind1=" " ind2=" ">
    <subfield code="0">0</subfield>
    <subfield code="1">0</subfield>
    <subfield code="2">ddc</subfield>
    <subfield code="4">0</subfield>
    <subfield code="7">0</subfield>
    <subfield code="8">900</subfield>
    <subfield code="a">ERMEL</subfield>
    <subfield code="b">AMSTL</subfield>
    <subfield code="c">GEN</subfield>
    <subfield code="d">2024-04-12</subfield>
    <subfield code="l">0</subfield>
    <subfield code="o">920 RODN</subfield>
    <subfield code="p">33228031100284</subfield>
    <subfield code="r">2024-04-12</subfield>
    <subfield code="w">2024-04-12</subfield>
    <subfield code="y">BK</subfield>
  </datafield>
  <datafield tag="952" ind1=" " ind2=" ">
    <subfield code="0">0</subfield>
    <subfield code="1">0</subfield>
    <subfield code="2">ddc</subfield>
    <subfield code="4">0</subfield>
    <subfield code="7">0</subfield>
    <subfield code="8">900</subfield>
    <subfield code="a">BADPL</subfield>
    <subfield code="b">BADPL</subfield>
    <subfield code="c">GEN</subfield>
    <subfield code="d">2024-10-07</subfield>
    <subfield code="g">212.00</subfield>
    <subfield code="l">0</subfield>
    <subfield code="o">920 RODN</subfield>
    <subfield code="p">3322803175727</subfield>
    <subfield code="r">2024-10-07</subfield>
    <subfield code="w">2024-10-07</subfield>
    <subfield code="y">BK</subfield>
  </datafield>
  <datafield tag="952" ind1=" " ind2=" ">
    <subfield code="0">0</subfield>
    <subfield code="1">0</subfield>
    <subfield code="2">ddc</subfield>
    <subfield code="4">0</subfield>
    <subfield code="7">0</subfield>
    <subfield code="a">LYDEL</subfield>
    <subfield code="b">LEROL</subfield>
    <subfield code="d">2025-02-27</subfield>
    <subfield code="g">381.68</subfield>
    <subfield code="l">0</subfield>
    <subfield code="o">920 RODN</subfield>
    <subfield code="p">3322803184979</subfield>
    <subfield code="r">2025-02-27</subfield>
    <subfield code="w">2025-02-27</subfield>
    <subfield code="y">BK</subfield>
  </datafield>
  <datafield tag="952" ind1=" " ind2=" ">
    <subfield code="0">0</subfield>
    <subfield code="1">0</subfield>
    <subfield code="2">ddc</subfield>
    <subfield code="4">0</subfield>
    <subfield code="7">0</subfield>
    <subfield code="a">MPSTL</subfield>
    <subfield code="b">MPSTL</subfield>
    <subfield code="d">2025-04-16</subfield>
    <subfield code="o">920 RODN</subfield>
    <subfield code="p">33228031103068</subfield>
    <subfield code="r">2025-04-16</subfield>
    <subfield code="w">2025-04-16</subfield>
    <subfield code="y">BK</subfield>
  </datafield>
  <datafield tag="952" ind1=" " ind2=" ">
    <subfield code="0">0</subfield>
    <subfield code="1">0</subfield>
    <subfield code="2">ddc</subfield>
    <subfield code="4">0</subfield>
    <subfield code="7">0</subfield>
    <subfield code="a">LYDEL</subfield>
    <subfield code="b">LEROL</subfield>
    <subfield code="d">2025-04-24</subfield>
    <subfield code="l">0</subfield>
    <subfield code="o">920 RODN</subfield>
    <subfield code="p">3322803185173</subfield>
    <subfield code="r">2025-04-24</subfield>
    <subfield code="w">2025-04-24</subfield>
    <subfield code="y">BK</subfield>
  </datafield>
  <datafield tag="952" ind1=" " ind2=" ">
    <subfield code="0">0</subfield>
    <subfield code="1">0</subfield>
    <subfield code="2">ddc</subfield>
    <subfield code="4">0</subfield>
    <subfield code="7">0</subfield>
    <subfield code="a">LYDEL</subfield>
    <subfield code="b">LEROL</subfield>
    <subfield code="d">2025-11-12</subfield>
    <subfield code="l">0</subfield>
    <subfield code="o">920 RODN</subfield>
    <subfield code="p">3322803185183</subfield>
    <subfield code="r">2025-11-12</subfield>
    <subfield code="w">2025-11-12</subfield>
    <subfield code="y">BK</subfield>
  </datafield>
</record>
